header

The empty ocean (Record no. 55042)

MARC details
000 -LEADER
fixed length control field 01172nam a22002894a 4500
082 04 - DEWEY DECIMAL CLASSIFICATION NUMBER
Classification number 591.77
100 1# - MAIN ENTRY--AUTHOR NAME
Personal name Ellis, Richard,
245 14 - TITLE STATEMENT
Title The empty ocean
260 ## - PUBLICATION, DISTRIBUTION, ETC. (IMPRINT)
Place of publication Washington, DC :
Name of publisher Island Press/Shearwater Books,
Year of publication c2003.
300 ## - PHYSICAL DESCRIPTION
Number of Pages xiv, 367 p. :
Other physical details ill.
650 #0 - SUBJECT ADDED ENTRY--TOPICAL TERM
Topical Term Endangered species.
Topical Term Marine animals.
856 40 - ELECTRONIC LOCATION AND ACCESS
Uniform Resource Identifier http://site.ebrary.com/lib/rucke/Doc?id=10081810

No items available.

© 2026 Rongo University
Contact us: librarian | system librarian | Rongo university